30 hodin ověř nápad v rekordním čase a rozjeď vysněné podnikání

Salvato in:
Dettagli Bibliografici
Autore principale: Pulkert, Dalibor
Natura: Libro
Lingua:ceco
Pubblicazione: Brno Jan Melvin Publishing 2024
Edizione:1. vydání
Soggetti:
Tags: Aggiungi Tag
Nessun Tag, puoi essere il primo ad aggiungerne!!

MARC

LEADER 00000nam a2200000 4500
001 0308903
005 20251124131353.1
020 |a 978-80-7555-220-4 
041 0 |a cze 
044 |a CZ 
245 1 0 |a 30 hodin  |b ověř nápad v rekordním čase a rozjeď vysněné podnikání  |c Dalibor Pulkert 
250 |a 1. vydání 
264 1 |a Brno  |b Jan Melvin Publishing  |c 2024 
300 |a 255 s. 
610 2 0 |a podnikanie 
610 2 0 |a politika podnikania 
610 2 0 |a stratégia podnikateľská 
610 2 0 |a plánovanie 
610 2 0 |a plán finančný 
610 2 0 |a analýza swot 
610 2 0 |a motivácia 
100 1 |a Pulkert, Dalibor